000 00731nam a2200265 i 4500
001 000047564
003 DO-SdBNP
005 20250703083548.0
007 ta
008 180703s2012 dr a 000 spa d
020 _a9789945006568
040 _aDO-SdBNP
_bspa
_cBNPHU
_erda
041 _aspa
082 4 _axxx
_222
100 1 _aGell, Riqui,
_eautor
_4aut.
_975212
245 1 3 _aEl Dios de los procesos /
_cRiqui Gell.
264 _aSanto Domingo :
_bBúho,
_c2012.
300 _a169 páginas :
_bil.ustraciones ;
_c21 cm.
336 _2rdacontent
_atexto
_btxt
337 _2rdamedia
_asin mediación
_bn
338 _2rdacarrier
_avolumen
_bnc
590 _aInventariado,2018/DG
910 _aBtavárez
942 _2ddc
_cLBS1
999 _c47052
_d47052